Concours Lépine ou non ? 3 - Statistiques

Statistiques générales
  • Ce quiz a été pris 4 fois
  • Le résultat moyen est 15 sur 50
Statistiques - réponses
Hint Réponse % Correct
Une casquette chauffante Pas primé(e)
67%
Un ordinateur pour chat et chien Pas primé(e)
67%
Un robot "nounou" Pas primé(e)
67%
Un jeu sur les sites classés de France Pas primé(e)
67%
Un système de freinage pour poussette Pas primé(e)
67%
Une machine à écrire en morse Pas primé(e)
67%
Une cisaille à gazon Pas primé(e)
67%
Une canne à clochette Pas primé(e)
67%
La trayeuse électrique Vitelait Pas primé(e)
67%
Un logiciel créateur de prénoms Pas primé(e)
67%
Un gilet jaune clignotant Pas primé(e)
67%
Un téléphone pour chien et chat Pas primé(e)
67%
Une télévision commandable à la voix Pas primé(e)
67%
Une haie artificielle Pas primé(e)
67%
Un ramasseur automatique de feuilles mortes Pas primé(e)
67%
Un verre pour bébé rebondissant Pas primé(e)
67%
Un tourne page de livres ou de magazine Pas primé(e)
67%
Un détecteur d'approche d'enfants des lieux dangereux
Primé(e)
33%
Un élévateur intégré à un placard Pas primé(e)
33%
Une maison subaquatique nommée subome Pas primé(e)
33%
Un micro-onde portable pour poids lourd Pas primé(e)
33%
Un distributeur/cuiseur de pizzas Pas primé(e)
33%
Du papier toilette réutilisable Pas primé(e)
33%
Un aéroplane nommé Airbus Pas primé(e)
33%
Un jeu sur le métro parisien Primé(e)
33%
Un système de freinage pour fauteuil roulant Primé(e)
33%
Un parachute automatique Primé(e)
33%
Un scooter solaire Pas primé(e)
0%
Une poussette électrique pour bébé à télécommande Pas primé(e)
0%
Un plan de métro parisien qui calcule le meilleur itinéraire Pas primé(e)
0%
Un lavabo à hauteur réglable Primé(e)
0%
Un scooter électrique Primé(e)
0%
Une maison passive en bois nommée Heliodome Primé(e)
0%
Un fauteuil roulant électrique pliable Primé(e)
0%
Un réfrigérateur portable pour insuline Primé(e)
0%
Un ordinateur pour seniors Primé(e)
0%
Un plan de métro parisien qui parle Primé(e)
0%
Un appareil miniature lisant le braille Primé(e)
0%
Un automate de cuisson de baguette à la demande Primé(e)
0%
Une table basse devenant un poste informatique Primé(e)
0%
Un lave vaisselle Primé(e)
0%
Un aéroplane nommé L'Avion Primé(e)
0%
Le réchaud portatif Primé(e)
0%
Un cadenas automatique appelé "Colonial" Primé(e)
0%
Le presse-purée Primé(e)
0%
Un vélo électrique solaire Primé(e)
0%
Le laryngoscope Primé(e)
0%
Un ouvre-huîtres Primé(e)
0%
Un support de téléphone articulé Primé(e)
0%
Le Somnidor, une machine pour endormir les insomniaques Primé(e)
0%
Aucun quiz correspondant
Distribution des résultats
% des personnes avec chaque résultat
Percentile par nombre de réponses
Votre historique - résultats
Vous n’avez pas pris ce quiz